[Event "Campeonato de Aragon por Equipos 2009"]
[Site "Aragon"]
[Date "2009.01.31"]
[Round "2.35"]
[White "Roche Simon Miguel Angel"]
[Black "Gutierrez Minguenza Ruben"]
[Result "1-0"]
[WhiteElo "2062"]
[BlackElo "2068"]

1.e4 c5 2.Nf3 Nc6 3.d4 cxd4 4.Nxd4 Nf6 5.Nc3 e5 6.Ndb5 d6 7.Bg5 a6 8.Na3 b5 9.
Nd5 Be7 10.Bxf6 Bxf6 11.c3 Ne7 12.Nc2 Nxd5 13.Qxd5 Rb8 14.O-O-O Bb7 15.Qd3 O-O
16.Kb1 a5 17.Ne3 b4 18.c4 Qb6 19.f3 Rfd8 20.h4 Rd7 21.g4 Be7 22.g5 Rc7 23.Nf5
Bf8 24.h5 Bc8 25.Ne3 Be6 26.Bh3 Qc5 27.Rc1 Qa7 28.g6 h6 29.Nd5 Rc5 30.f4 exf4
31.Rcf1 Be7 32.Rxf4 Bxd5 33.exd5 f6 34.Re1 Bf8 35.Rfe4 Qa8 36.Bd7 Rc7 37.Ba4
Qa7 38.Qe2 Rcc8 39.Qf3 Rc7 40.Qf5 Rbb7 41.Qe6+ Kh8 42.Bc6 Rb8 43.Qg4 Re7 44.
Rxe7 Bxe7 45.Qe4 Bf8 46.Qe3 Qc7 47.Kc2 Qc8 48.Qe6 Qc7 49.Re2 Rd8 50.Kb3 Qa7
51.Qe3 Qc7 52.Ka4 Rb8 53.Bb5 Ra8 54.Qe6 Rd8 55.Qf7 Qb6 56.Re8 1-0

[Event "Campeonato de Aragon por Equipos 2009"]
[Site "Aragon"]
[Date "2009.01.31"]
[Round "2.36"]
[White "Palomar Ramon Santiago"]
[Black "Palacin Algas Angel"]
[Result "1-0"]
[WhiteElo "2022"]
[BlackElo "1948"]

1.e4 e6 2.d3 c5 3.g3 Nc6 4.Bg2 g6 5.Nd2 Bg7 6.a4 Nge7 7.Ngf3 O-O 8.O-O d6 9.
Re1 e5 10.Nc4 h6 11.Ne3 Be6 12.Bd2 Qd7 13.Bc3 Bh3 14.Bh1 f5 15.exf5 gxf5 16.
Nh4 f4 17.Nd5 Be6 18.Nxe7+ Nxe7 19.b3 Bd5 20.Bxd5+ Nxd5 21.Bb2 Qh3 22.Qf3 Nb4
23.Qe2 Bf6 24.Ng6 Rf7 25.c3 Nc2 26.Kh1 Nxe1 27.Rxe1 Rg7 28.Qe4 f3 29.Rg1 Qh5
30.Nh4 Bxh4 31.gxh4 Rxg1+ 32.Kxg1 Qf7 33.Kf1 Rf8 34.h3 b6 35.Bc1 Qg7 36.Qg4
Qxg4 37.hxg4 Kg7 38.c4 Kg6 39.Ke1 h5 40.gxh5+ Kxh5 41.Bg5 Rf7 42.Kd2 Kg4 43.
Ke3 a6 44.Ke4 b5 45.cxb5 axb5 46.a5 Rf8 47.Kd5 c4 48.dxc4 bxc4 49.Kxc4 Kf5 50.
b4 Ke6 51.a6 d5+ 52.Kb5 Kd6 53.a7 Kc7 54.Ka6 Rg8 55.h5 d4 56.b5 e4 57.b6+ Kc6
58.b7 Kc7 59.a8=Q 1-0

[Event "Campeonato de Aragon por Equipos 2009"]
[Site "Aragon"]
[Date "2009.01.31"]
[Round "2.37"]
[White "Fernandez Rubio Rafael"]
[Black "Lopez Guaita Fernando"]
[Result "0-1"]
[WhiteElo "2025"]
[BlackElo "2062"]

1.e4 e5 2.Nf3 Nc6 3.Bc4 Nf6 4.d3 Be7 5.Nc3 d6 6.h3 Na5 7.Bb3 Nxb3 8.axb3 O-O
9.O-O c6 10.Bg5 h6 11.Bh4 Nh5 12.Bxe7 Qxe7 13.Ne2 f5 14.exf5 Bxf5 15.Ng3 Bg6
16.Re1 Nxg3 17.fxg3 Qc7 18.Nh4 Bh7 19.Nf3 a6 20.Kh2 Rae8 21.Qe2 Rf7 22.Nd2
Ref8 23.Rf1 Rxf1 24.Rxf1 Rxf1 25.Qxf1 Qf7 26.Qxf7+ Kxf7 27.Nc4 Ke6 28.Na5 e4
29.dxe4 Bxe4 30.c3 b6 31.Nc4 Bd5 32.Nd2 c5 33.Kg1 Bc6 34.Kf2 b5 35.g4 d5 36.
Nf3 a5 37.Ke3 b4 38.Kd3 Bb5+ 39.Ke3 Bf1 40.Kf2 Bd3 41.Ke3 Bc2 42.Nd2 Ke5 43.
Nf3+ Kd6 44.Nd2 bxc3 45.bxc3 c4 46.bxc4 a4 47.cxd5 Kxd5 48.Nf3 a3 49.Nd4 Ba4
50.Kd3 a2 51.c4+ Kd6 0-1

[Event "Campeonato de Aragon por Equipos 2009"]
[Site "Aragon"]
[Date "2009.01.31"]
[Round "2.38"]
[White "Bayod Rubia Angel"]
[Black "Vera Jimenez Andres"]
[Result "1-0"]
[WhiteElo "2041"]
[BlackElo "2014"]

1.e4 c5 2.Nf3 e6 3.d4 cxd4 4.Nxd4 a6 5.Bd3 Bc5 6.Nb3 Ba7 7.Qe2 Nc6 8.Be3 Bxe3
9.Qxe3 Nge7 10.O-O d5 11.Qg3 O-O 12.exd5 Nxd5 13.Rd1 Qe7 14.Be4 Nf6 15.Bxc6
bxc6 16.Nc3 Bb7 17.Na5 Rad8 18.Nxb7 Qxb7 19.b3 Qb4 20.a3 Rxd1+ 21.Rxd1 Qxa3
22.Qd3 Qb4 23.Ra1 a5 24.Ra4 Qb6 25.Rd4 Nd5 26.Na4 Qc7 27.g3 e5 28.Rc4 Rd8 29.
Qf3 g6 30.Nc5 Qe7 31.Qe2 Qg5 32.Nd3 Rd6 33.Qxe5 Qd8 34.Nf4 Nxf4 35.Qxf4 Rd1+
36.Kg2 Qd5+ 37.Qe4 Qxe4+ 38.Rxe4 Rd5 39.Rc4 Rb5 40.Rxc6 Rb4 41.Kf3 a4 42.bxa4
Rxa4 43.c4 Ra2 44.h4 Kg7 45.g4 Rc2 46.Ke3 Rc3+ 47.Kd2 Rf3 48.Ke2 Rh3 49.f3
Rxh4 50.Rd6 h5 51.Rd4 hxg4 52.fxg4 f5 53.c5 Kf6 54.g5+ Kxg5 55.Rxh4 Kxh4 56.c6
Kg3 57.Kf1 g5 58.c7 g4 59.c8=Q 1-0

[Event "Campeonato de Aragon por Equipos 2009"]
[Site "Aragon"]
[Date "2009.01.31"]
[Round "2.39"]
[White "Sierra Aguerri Joaquin"]
[Black "Sanz Barrionuevo Alberto"]
[Result "1-0"]
[WhiteElo "1990"]
[BlackElo "2001"]

1.e4 e5 2.Bc4 Nf6 3.Nf3 Nc6 4.Ng5 d5 5.exd5 Na5 6.Bb5+ Bd7 7.Qe2 Bd6 8.Nc3 O-O
9.Bxd7 Qxd7 10.O-O c6 11.Nge4 Nxd5 12.Nxd6 Qxd6 13.Ne4 Qe7 14.d3 b6 15.Bd2 Nb7
16.Rae1 Rae8 17.d4 f5 18.c4 fxe4 19.cxd5 cxd5 20.dxe5 Qxe5 21.Bc3 d4 22.Qc4+
Kh8 23.Bxd4 Na5 24.Qc3 Qg5 25.Re3 Rf7 26.b4 Nb7 27.Rg3 Qe7 28.Rd1 Rd8 29.Qc6
Nd6 30.Qd5 Nb7 31.Qh5 Nd6 32.Rh3 1-0

[Event "Campeonato de Aragon por Equipos 2009"]
[Site "Aragon"]
[Date "2009.01.31"]
[Round "2.40"]
[White "Navarro Sancho Rafael"]
[Black "Muro Turon Raul"]
[Result "0-1"]
[WhiteElo "1911"]
[BlackElo "1815"]

1.e4 e5 2.Nc3 Nf6 3.f4 d5 4.fxe5 Nxe4 5.Qf3 Nxc3 6.bxc3 Be7 7.d4 O-O 8.Bd3 g6
9.Ne2 c5 10.Nf4 cxd4 11.O-O Nc6 12.Nxd5 Be6 13.Nxe7+ Qxe7 14.Qg3 Qc5 15.Bh6
dxc3+ 16.Kh1 Rfe8 17.Bf4 Rad8 18.h4 Qf8 19.h5 Qg7 20.h6 Qf8 21.a3 Ne7 22.Be4
Bd5 23.Bd3 Be6 24.Bg5 Rd4 25.Rf4 Rxf4 26.Bxf4 Bf5 27.Bxf5 Nxf5 28.Qh3 Rd8 29.
Qxc3 Nxh6 30.Rf1 Ng4 31.Qf3 h5 32.Qxb7 Qxa3 33.Bg5 Rf8 34.Be7 Qg3 0-1

[Event "Campeonato de Aragon por Equipos 2009"]
[Site "Aragon"]
[Date "2009.01.31"]
[Round "2.41"]
[White "Villuendas Valero Adrian"]
[Black "Cobo Garrido Diego Israel"]
[Result "1-0"]
[WhiteElo "2195"]
[BlackElo "2026"]

1.d4 Nf6 2.c4 e6 3.g3 d5 4.Nf3 Bd6 5.Bg2 O-O 6.O-O c6 7.Qc2 Nbd7 8.Rd1 Qe7 9.
Nc3 Rd8 10.e4 dxe4 11.Nxe4 Nxe4 12.Qxe4 Nf6 13.Qe2 c5 14.Be3 cxd4 15.Bxd4 Bd7
16.Ne5 Be8 17.Qe3 Rac8 18.b3 b6 19.a4 Bc5 20.a5 Rxd4 21.Rxd4 bxa5 22.Rxa5 Bxd4
23.Qxd4 Qb4 24.Rxa7 Qxb3 25.h3 Qb1+ 26.Kh2 Qb4 27.Rb7 Qc5 28.Qxc5 Rxc5 29.f4
Kf8 30.Bf3 Ng8 31.Rb8 Rc7 32.Bc6 Nf6 33.Bb5 Ke7 34.Kg2 Bd7 35.Kf3 Bc8 36.g4
Ne8 37.Ke3 f6 38.Nc6+ Kd6 39.Kd4 Ba6 40.c5+ Kd7 41.Rd8# 1-0

[Event "Campeonato de Aragon por Equipos 2009"]
[Site "Aragon"]
[Date "2009.01.31"]
[Round "2.42"]
[White "Gimeno Diaz Fernando"]
[Black "Cantin Zaborras Valentin"]
[Result "0-1"]
[WhiteElo "1890"]
[BlackElo "2117"]

1.d4 d5 2.Nf3 Nf6 3.c4 c6 4.Nc3 dxc4 5.a4 Bf5 6.Ne5 Nbd7 7.Nxc4 Nb6 8.e3 e6 9.
Qb3 Qc7 10.a5 Nbd5 11.f3 Bg6 12.e4 Nxc3 13.bxc3 Nd7 14.g3 f6 15.Bf4 Qc8 16.
Nd6+ Bxd6 17.Bxd6 Kf7 18.Bc4 Re8 19.O-O b5 20.axb6 Nxb6 21.Ba6 Qd7 22.Bf4 Kg8
23.Bc4 Bf7 24.e5 f5 25.Rfb1 Qc7 26.Ra6 c5 27.Bb5 Red8 28.Be3 Nd5 29.Bg5 Rdb8
30.Rc6 Qa5 31.Rxc5 a6 32.c4 Nc3 33.Bd8 Ne2+ 34.Kf2 Qxd8 35.Kxe2 axb5 36.Rxb5
Rxb5 37.Qxb5 Qxd4 38.Rb2 Rd8 39.f4 Bh5+ 40.Kf1 Bf3 41.c5 Qe3 42.Rb1 Bg4 0-1

[Event "Campeonato de Aragon por Equipos 2009"]
[Site "Aragon"]
[Date "2009.01.31"]
[Round "2.43"]
[White "Trenado Munoz Pedro"]
[Black "Gayan Carceller Miguel Angel"]
[Result "1-0"]
[WhiteElo "2094"]
[BlackElo "1888"]

1.e4 c6 2.d4 d5 3.Nc3 dxe4 4.Nxe4 Bf5 5.Ng3 Bg6 6.Nf3 Nd7 7.h4 h6 8.h5 Bh7 9.
Bd3 Bxd3 10.Qxd3 e6 11.Bd2 Ngf6 12.O-O-O Qc7 13.Kb1 O-O-O 14.Ne4 Nxe4 15.Qxe4
Nf6 16.Qe2 Bd6 17.g3 Qe7 18.Ne5 Bc7 19.c3 Nd5 20.f4 Rhe8 21.Rde1 Qf6 22.Ka1
Qf5 23.g4 Qf6 24.Rhf1 Rf8 25.c4 Nb6 26.Bb4 Rfe8 27.f5 exf5 28.Rxf5 Qe6 29.Qc2
f6 30.Ng6 Qxc4 31.Qxc4 Nxc4 32.Rff1 1-0

[Event "Campeonato de Aragon por Equipos 2009"]
[Site "Aragon"]
[Date "2009.01.31"]
[Round "2.44"]
[White "Palazuelos Serrano Jose Luis"]
[Black "Valiente Roy Jose Javier"]
[Result "0-1"]
[WhiteElo "1879"]
[BlackElo "2088"]

1.d4 Nf6 2.Nf3 c6 3.Bg5 Ne4 4.Bf4 d6 5.Nbd2 Qa5 6.c3 Nxd2 7.Qxd2 Nd7 8.e3 g6
9.Be2 Bg7 10.O-O O-O 11.e4 e5 12.Bg3 Nf6 13.Qc2 Nh5 14.dxe5 Nxg3 15.hxg3 dxe5
16.Nd2 Be6 17.Nc4 Qc5 18.Ne3 a5 19.a4 h5 20.Bd3 Rad8 21.Rad1 Bh6 22.Rfe1 Rd7
23.Qe2 Rfd8 24.Kh2 Bxe3 25.Qxe3 Qxe3 26.Rxe3 Bc4 27.Bxc4 Rxd1 28.Rf3 R8d7 29.
Rf6 Kg7 30.Rf3 f6 0-1

[Event "Campeonato de Aragon por Equipos 2009"]
[Site "Aragon"]
[Date "2009.01.31"]
[Round "2.45"]
[White "Martinez Catalin Francisco Javier"]
[Black "Horton Justin"]
[Result "1-0"]
[WhiteElo "2261"]
[BlackElo "2137"]

1.d4 d5 2.c4 c6 3.Nc3 Nf6 4.e3 e6 5.Nf3 Nbd7 6.Bd2 Bd6 7.Bd3 O-O 8.O-O dxc4 9.
Bxc4 e5 10.dxe5 Nxe5 11.Nxe5 Bxe5 12.f4 Bc7 13.Kh1 Bf5 14.Be2 Qd7 15.Be1 Qe7
16.Rf3 Rfe8 17.Bh4 Bb6 18.e4 Bxe4 19.Nxe4 Qxe4 20.Bd3 Qd4 21.Qc2 g6 22.Raf1
Nd5 23.f5 Qxh4 24.fxg6 fxg6 25.Bxg6 Re1 26.Bxh7+ Kh8 27.Bd3 Rxf1+ 28.Bxf1 Ne3
29.Qc3+ Bd4 30.Qd3 Kg7 31.Rh3 Qxh3 32.Qxd4+ 1-0

[Event "Campeonato de Aragon por Equipos 2009"]
[Site "Aragon"]
[Date "2009.01.31"]
[Round "2.46"]
[White "Gonzalez Gambau Jorge"]
[Black "Solano Lasierra Javier"]
[Result "1-0"]
[WhiteElo "2033"]
[BlackElo "2144"]

1.e4 e6 2.Nc3 d5 3.Nf3 Nf6 4.e5 Nfd7 5.d4 c5 6.dxc5 Nc6 7.Bf4 Bxc5 8.Bd3 f6 9.
exf6 Nxf6 10.O-O O-O 11.Ne5 Bd7 12.Qf3 Bd4 13.Nxd7 Qxd7 14.Qh3 Rae8 15.Rae1
Bxc3 16.bxc3 e5 17.Bxh7+ Kf7 18.Bf5 Qd6 19.Bg5 Rh8 20.Qg3 Nh5 21.Qd3 Ne7 22.
Be4 Nf6 23.Bxf6 gxf6 24.c4 Rd8 25.cxd5 Rdg8 26.c4 Kf8 27.f4 exf4 28.Qf3 Rh4
29.Qf2 Rgh8 30.h3 b6 31.Bf3 Kf7 32.Re6 Qd8 33.Qd4 Nf5 34.Qc3 Ne3 35.Rf2 Rg8
36.Qd4 Nf5 37.Qe4 Ng3 38.Qe1 1-0

[Event "Campeonato de Aragon por Equipos 2009"]
[Site "Aragon"]
[Date "2009.01.31"]
[Round "2.47"]
[White "Felez Casedas Carlos"]
[Black "Perez Puyal Jose J"]
[Result "1-0"]
[WhiteElo "1990"]
[BlackElo "1867"]

1.e4 d5 2.exd5 Qxd5 3.Nc3 Qa5 4.d4 Nf6 5.Nf3 Bf5 6.Bd3 e6 7.O-O Bb4 8.Ne2 Bxd3
9.Qxd3 c6 10.Ne5 O-O 11.Qg3 Kh8 12.Nf4 Nbd7 13.Nfd3 Be7 14.Bg5 Ne4 15.Qe3 Bxg5
16.Qxe4 Nf6 17.Qe2 Rad8 18.c3 Nd7 19.Qh5 Nxe5 20.Nxe5 Rd5 21.c4 Rxe5 22.dxe5
Qxe5 23.Rfe1 Qf6 24.Rad1 g6 25.Qe2 Qe7 26.Qe5+ Bf6 27.Qd6 Re8 28.b3 c5 29.Qxe7
Rxe7 30.Rd8+ Kg7 31.Red1 Bd4 32.Kf1 e5 33.g4 Kf6 34.h4 Rc7 35.Ke2 Ke6 36.Rh8
f6 37.h5 g5 38.h6 f5 39.Rg8 e4 40.gxf5+ Kxf5 41.Rg1 Bf6 42.Rd1 Bd4 43.Rg1 Bf6
44.f3 exf3+ 45.Kxf3 Rd7 46.Ke2 Re7+ 47.Kd3 Rd7+ 48.Kc2 Re7 49.Rf1+ Ke6 50.Re1+
Kf7 51.Rxe7+ Kxe7 52.Kd3 Kf7 53.Rb8 Kg6 54.Ke4 Kxh6 55.Kf5 Bc3 56.Rxb7 a5 57.
Rc7 Bd2 58.Rxc5 Kh5 59.Rd5 Bc3 60.Rd3 Be1 61.Rh3+ Bh4 62.c5 g4 63.Rh1 g3 64.c6
1-0

[Event "Campeonato de Aragon por Equipos 2009"]
[Site "Aragon"]
[Date "2009.01.31"]
[Round "2.48"]
[White "Rodriguez Avellanas Jose Manuel"]
[Black "Betran Rabal Alberto"]
[Result "0-1"]
[WhiteElo "1821"]
[BlackElo "1973"]

1.c4 e5 2.Nc3 Nf6 3.g3 Bc5 4.Bg2 c6 5.d3 O-O 6.e3 d5 7.cxd5 cxd5 8.Nge2 Bb6 9.
O-O Nc6 10.a3 Be6 11.Qc2 Qd7 12.Rd1 Rac8 13.d4 e4 14.Nf4 Bg4 15.Rf1 g5 16.Nfe2
Qf5 17.Qd2 Kh8 18.b4 Rg8 19.Bb2 Rg6 20.Rae1 Bf3 21.g4 Qxg4 22.Ng3 Rh6 23.h3
Rxh3 24.Bxf3 exf3 25.e4 Rh1+ 0-1

[Event "Campeonato de Aragon por Equipos 2009"]
[Site "Aragon"]
[Date "2009.01.31"]
[Round "2.49"]
[White "Juberias Segura Santiago"]
[Black "Salamero Pelay Fernando"]
[Result "1-0"]
[WhiteElo "2125"]
[BlackElo "2167"]

1.e4 Nf6 2.e5 Nd5 3.Nf3 Nb6 4.d4 d6 5.Be2 g6 6.O-O Bg7 7.a4 a5 8.exd6 cxd6 9.
Nc3 O-O 10.Nb5 Bg4 11.h3 Bxf3 12.Bxf3 d5 13.Bf4 Na6 14.b3 Qd7 15.Qd2 Nb4 16.
Bc7 Ra6 17.c3 Nc6 18.Rfe1 Rc8 19.Bf4 Nd8 20.Bg4 e6 21.Be2 Na8 22.Rac1 Bf8 23.
Rc2 Nc6 24.Bd3 Rb6 25.h4 Nb8 26.h5 Na6 27.Na7 Rd8 28.Bg5 Be7 29.hxg6 hxg6 30.
Nb5 N8c7 31.Bf4 Ne8 32.Be5 Bf6 33.Qf4 Bxe5 34.Qxe5 Nac7 35.Re3 Nxb5 36.Bxb5
Qd6 37.Qg5 Ng7 38.Rh3 Nf5 39.g4 Qe7 40.Qf4 Nd6 41.Qh6 Qf6 42.f3 Qg7 43.Qf4 Kf8
44.Rch2 Ke7 45.g5 1-0

[Event "Campeonato de Aragon por Equipos 2009"]
[Site "Aragon"]
[Date "2009.01.31"]
[Round "2.50"]
[White "Gella Bitrian Diego"]
[Black "Antonano Fernandez Avelino"]
[Result "1-0"]
[WhiteElo "1864"]
[BlackElo "2102"]

1.e4 Nc6 2.Nc3 e6 3.d4 Bb4 4.a3 Bxc3+ 5.bxc3 d6 6.f4 Nge7 7.Nf3 O-O 8.Bd3 f5
9.O-O Qe8 10.c4 Qg6 11.Re1 Qf6 12.c3 Na5 13.e5 dxe5 14.Rxe5 b6 15.Qe1 Ng6 16.
Re2 Nb3 17.Rb1 Nxc1 18.Qxc1 Bb7 19.Qe3 Be4 20.g3 Bxd3 21.Qxd3 Rad8 22.Rbe1
Rfe8 23.Qb1 h6 24.Qb5 Qf7 25.Ne5 Nxe5 26.Rxe5 Qd7 27.Qxd7 Rxd7 28.Rxe6 Rxe6
29.Rxe6 Kf7 30.d5 c5 31.Kf2 Re7 32.Rxe7+ Kxe7 33.Kf3 Kd6 34.g4 g6 35.gxf5 gxf5
36.a4 a6 37.Kg3 b5 38.cxb5 axb5 39.axb5 Kxd5 40.Kf3 c4 41.Ke3 Kc5 42.b6 1-0

[Event "Campeonato de Aragon por Equipos 2009"]
[Site "Aragon"]
[Date "2009.01.31"]
[Round "2.51"]
[White "Garcia Andres Daniel"]
[Black "Biarge Carnicer Arturo"]
[Result "0-1"]
[WhiteElo "2039"]
[BlackElo "1858"]

1.e4 c5 2.f4 Nc6 3.Nf3 d6 4.Bc4 e6 5.Nc3 Be7 6.O-O Nf6 7.Qe1 d5 8.Bb5 d4 9.Nd1
Bd7 10.d3 Qb6 11.a4 Nb4 12.Bxd7+ Nxd7 13.a5 Qc7 14.Qe2 O-O 15.c3 Nc6 16.a6
bxa6 17.Rxa6 Na5 18.b4 cxb4 19.cxb4 Bxb4 20.Bd2 Bc3 21.Nxc3 dxc3 22.Rc1 Nb8
23.Rxc3 Qd8 24.Rxa5 Qxa5 25.Ne5 Qd8 26.Qh5 f6 27.Ng4 Qd4+ 28.Kh1 Nd7 29.h4
Rab8 30.Kh2 Rfc8 31.Rxc8+ Rxc8 32.Qb5 Rd8 33.Be3 Qd6 0-1

[Event "Campeonato de Aragon por Equipos 2009"]
[Site "Aragon"]
[Date "2009.01.31"]
[Round "2.52"]
[White "Bellosta Lopez Pablo"]
[Black "Pellicer Abella Emilio"]
[Result "1-0"]
[WhiteElo "1835"]
[BlackElo "1813"]

1.e4 e5 2.Bc4 Nc6 3.Nc3 Be7 4.d3 Na5 5.Bb3 Nxb3 6.axb3 d6 7.f4 exf4 8.Bxf4 Nf6
9.Nf3 Bg4 10.O-O Qd7 11.Qe1 O-O 12.e5 Nh5 13.exd6 cxd6 14.Be3 b6 15.Nd5 Be6
16.Nxe7+ Qxe7 17.Bg5 Nf6 18.Nd4 Rfe8 19.Qh4 Kh8 20.Rxf6 1-0

[Event "Campeonato de Aragon por Equipos 2009"]
[Site "Aragon"]
[Date "2009.01.31"]
[Round "2.53"]
[White "Sig Vargas Marcos"]
[Black "Gonzalvo Lara Victor"]
[Result "1/2-1/2"]
[WhiteElo "2117"]
[BlackElo "2108"]

1.e4 e5 2.d4 exd4 3.c3 dxc3 4.Bc4 cxb2 5.Bxb2 d5 6.Bxd5 Nf6 7.Bxf7+ Kxf7 8.
Qxd8 Bb4+ 9.Qd2 Bxd2+ 10.Nxd2 Nc6 11.a3 Re8 12.f3 Be6 13.Ne2 Rad8 14.O-O-O Nd7
15.Nf4 Nde5 16.Nxe6 Rxe6 17.Nb3 Red6 18.Rxd6 Rxd6 19.Rd1 Rxd1+ 20.Kxd1 1/2-1/2

[Event "Campeonato de Aragon por Equipos 2009"]
[Site "Aragon"]
[Date "2009.01.31"]
[Round "2.54"]
[White "Jaques Burguete Raul"]
[Black "Escuer Sanchez Nestor"]
[Result "1/2-1/2"]
[WhiteElo "2100"]
[BlackElo "2089"]

1.e4 d5 2.exd5 Qxd5 3.Nc3 Qd6 4.Nf3 a6 5.d4 Bg4 6.Be2 Nf6 7.h3 Bxf3 8.Bxf3 c6
9.O-O e6 10.Ne4 Nxe4 11.Bxe4 Nd7 12.c3 Nf6 13.Bc2 Be7 14.Bg5 Nd5 15.Bxe7 Qxe7
16.Qf3 Qf6 17.Qxf6 Nxf6 18.Rfe1 O-O-O 19.Rad1 Kc7 20.Re5 Rd5 21.Rde1 Rhd8
1/2-1/2

[Event "Campeonato de Aragon por Equipos 2009"]
[Site "Aragon"]
[Date "2009.01.31"]
[Round "2.55"]
[White "Avellanas Pau Miguel Angel"]
[Black "Moreno Gracia David"]
[Result "1-0"]
[WhiteElo "1920"]
[BlackElo "1911"]

1.d4 d5 2.c4 e6 3.g3 Nf6 4.Bg2 c6 5.Nf3 Bb4+ 6.Bd2 Bxd2+ 7.Nbxd2 O-O 8.O-O
Nbd7 9.Rc1 Nb6 10.Ne5 Nfd7 11.f4 Nxe5 12.fxe5 Qg5 13.Rf4 dxc4 14.Nxc4 Nxc4 15.
Rxc4 f6 16.Rc5 f5 17.e3 Bd7 18.Qb3 Rab8 19.Rc2 a6 20.Rcf2 h6 21.e4 fxe4 22.
Bxe4 Rxf4 23.Rxf4 Qe7 24.Bc2 Rf8 25.Rxf8+ Kxf8 26.Qxb7 Qg5 27.Qb3 Qc1+ 28.Bd1
Ke7 29.Kf1 Qd2 30.Qa3+ Kd8 31.Qf8+ Kc7 32.Qd6+ Kd8 33.Be2 Qxb2 34.a3 Qc1+ 35.
Kf2 Qh1 36.Qf8+ Kc7 37.Bf3 Qxh2+ 38.Bg2 Qh5 39.Qd6+ Kd8 40.Bxc6 Qf5+ 41.Ke3
Qg5+ 42.Kd3 Qg6+ 43.Kc3 Qf7 44.Bxd7 Qxd7 45.Qxa6 h5 46.a4 Qc7+ 47.Kb4 Kd7 48.
a5 g5 49.Qb5+ Qc6 50.Qxc6+ Kxc6 51.a6 Kb6 52.d5 h4 53.gxh4 gxh4 54.d6 1-0

[Event "Campeonato de Aragon por Equipos 2009"]
[Site "Aragon"]
[Date "2009.01.31"]
[Round "2.56"]
[White "Solanas Godes Beatriz"]
[Black "Sig Vargas Pablo"]
[Result "1/2-1/2"]
[WhiteElo "1773"]
[BlackElo "1877"]

1.e4 e5 2.Nf3 Nc6 3.Bc4 Nf6 4.d3 Be7 5.Nc3 d6 6.O-O O-O 7.Re1 Bg4 8.h3 Bh5 9.
Nd5 Re8 10.Nxe7+ Qxe7 11.c3 Na5 12.Bb3 Nxb3 13.Qxb3 b6 14.g4 Bg6 15.Be3 Nd7
16.Rad1 Nc5 17.Qc2 1/2-1/2

[Event "Campeonato de Aragon por Equipos 2009"]
[Site "Aragon"]
[Date "2009.01.31"]
[Round "2.57"]
[White "Malo Guillen Jose Luis"]
[Black "Martinez Asensio Juan M"]
[Result "1-0"]
[WhiteElo "2162"]
[BlackElo "2180"]

1.c4 c5 2.Nc3 Nc6 3.Nf3 Nf6 4.e3 g6 5.d4 cxd4 6.exd4 d5 7.h3 Bg7 8.Be3 O-O 9.
Be2 b6 10.O-O Ba6 11.b3 Ne4 12.Nxd5 e6 13.Nf4 Nc3 14.Qd2 g5 15.Nh5 Nxd4 16.
Nxd4 Bxd4 17.Bf3 Be5 18.Bxa8 Qxd2 19.Bxd2 Ne2+ 20.Kh1 Bxa1 21.Bf3 Bc3 22.Bxc3
Nxc3 23.Rc1 Nxa2 24.Ra1 Nb4 25.Ra4 Nd3 26.Rxa6 Nc5 27.Rxa7 Nxb3 28.Nf6+ Kg7
29.Nd7 Rd8 30.Ne5 Kf6 31.Nxf7 Rd2 32.Nh6 1-0

[Event "Campeonato de Aragon por Equipos 2009"]
[Site "Aragon"]
[Date "2009.01.31"]
[Round "2.58"]
[White "Barcena Laguia Francisco"]
[Black "Querol Soro Sergio"]
[Result "1/2-1/2"]
[WhiteElo "1963"]
[BlackElo "1959"]

1.d4 Nf6 2.c4 g6 3.Nc3 d5 4.cxd5 Nxd5 5.e4 Nxc3 6.bxc3 c5 7.Nf3 Bg7 8.Be3 O-O
9.Qd2 Qa5 10.Rc1 Bg4 11.e5 Bxf3 12.gxf3 Nc6 13.f4 cxd4 14.cxd4 Qxd2+ 15.Bxd2
Nxd4 16.Bb4 Nc6 17.Ba3 Bh6 18.Rc4 Rfd8 19.Bc1 Rac8 20.Bh3 e6 21.O-O Nxe5 22.
fxe5 Rxc4 23.Bxh6 Rd5 24.f4 Rc2 25.Bg2 Rdd2 26.Bxb7 Rxh2 27.Bg5 Rxa2 28.Rd1
Rhd2 29.Rc1 Rdc2 30.Rd1 Rd2 31.Rc1 Rac2 32.Ra1 Ra2 33.Rc1 Rdc2 34.Rd1 Rd2 35.
Rc1 1/2-1/2

[Event "Campeonato de Aragon por Equipos 2009"]
[Site "Aragon"]
[Date "2009.01.31"]
[Round "2.59"]
[White "Mombiela de Sus Jose Luis"]
[Black "Gomez Calomarde Saul"]
[Result "0-1"]
[WhiteElo "1957"]
[BlackElo "1945"]

1.Nf3 Nf6 2.d4 g6 3.Nbd2 d5 4.e3 Bg7 5.Bd3 O-O 6.O-O b6 7.b4 Bb7 8.c4 c5 9.
bxc5 bxc5 10.Rb1 Qc7 11.cxd5 Nxd5 12.Qc2 Rc8 13.Ba3 cxd4 14.Qb3 Nb6 15.Rfc1
Qd8 16.Rxc8 Qxc8 17.Rc1 Qd8 18.Nxd4 e5 19.Nb5 Bd5 20.Qb1 Na6 21.Nd6 Bf8 22.
Bxa6 Bxd6 23.Bb2 Rb8 24.Qc2 Nd7 25.Bc4 Ba8 26.Be2 Nb6 27.Ne4 Bxe4 28.Qxe4 Nd7
29.Ba1 Qa5 30.Qc2 Nb6 31.Bc3 Qa3 32.Rb1 Rc8 33.Rb3 Qc5 34.Qd1 a5 35.Bb2 Na4
36.Rb5 Qc2 37.Bxe5 Qxd1+ 38.Bxd1 Bxe5 39.Rxe5 Rc1 40.Kf1 Rxd1+ 41.Ke2 Nc3+ 42.
Kf3 a4 43.Rc5 Nxa2 44.Rc4 a3 45.Ra4 Rd3 46.Ra8+ Kg7 47.Ke4 Rb3 48.Kd4 Nc1 49.
Kc4 h5 50.e4 h4 51.h3 Kf6 52.Ra7 Ke5 53.Re7+ Kd6 54.Ra7 g5 55.Ra5 f6 56.Ra6+
Ke5 57.f3 Kf4 58.Rxf6+ Kg3 59.Rf5 a2 60.Rxg5+ Kf4 61.Rf5+ Ke3 62.Ra5 Rb1 63.
Kc3 a1=Q+ 64.Rxa1 Rxa1 65.Kb2 Ra2+ 0-1

[Event "Campeonato de Aragon por Equipos 2009"]
[Site "Aragon"]
[Date "2009.01.31"]
[Round "2.60"]
[White "Abancens Fernandez Bernardo"]
[Black "Morato Garcia Jesus"]
[Result "1/2-1/2"]
[WhiteElo "1508"]
[BlackElo "1825"]

1.d4 Nf6 2.c4 e6 3.Nf3 Bb4+ 4.Bd2 Bxd2+ 5.Nbxd2 d6 6.e3 O-O 7.Qc2 Nc6 8.a3 Qe7
9.Bd3 e5 10.d5 Nb8 11.Bf5 Bxf5 12.Qxf5 Nbd7 13.Ng5 a5 14.Nge4 Nxe4 15.Nxe4 g6
16.Qxd7 Qxd7 17.Nf6+ Kg7 18.Nxd7 Rfd8 19.Nxe5 dxe5 20.e4 a4 21.Kd2 c6 22.Rac1
b5 23.Rhd1 bxc4 24.Kc3 cxd5 25.Rxd5 Rdb8 26.Rc2 Kf6 27.Kxc4 Rb3 28.Rdd2 Ke6
29.Rc3 Rc8+ 30.Kd3 Rd8+ 31.Ke2 Rxd2+ 32.Kxd2 Rxb2+ 33.Rc2 Rb3 34.Rc3 Rb2+ 35.
Ke3 Rb6 1/2-1/2

[Event "Campeonato de Aragon por Equipos 2009"]
[Site "Aragon"]
[Date "2009.01.31"]
[Round "2.61"]
[White "Gracia Campo Carlos Alberto"]
[Black "Garcia Lopez Alberto J"]
[Result "1-0"]
[WhiteElo "2090"]
[BlackElo "1971"]

1.e4 d6 2.d4 Nf6 3.Nc3 g6 4.f3 Bg7 5.Be3 c6 6.Qd2 O-O 7.O-O-O Nbd7 8.Bh6 e5 9.
dxe5 dxe5 10.g4 Qe7 11.h4 b5 12.h5 a5 13.Bxg7 Kxg7 14.hxg6 fxg6 15.Qh6+ Kg8
16.a4 b4 17.Bc4+ Kh8 18.Nce2 Nb6 19.Bb3 Qg7 20.Qe3 Nbd7 21.Nh3 Qe7 22.Ng5 Nc5
23.Nf7+ Kg8 24.Nxe5+ Nxb3+ 25.Qxb3+ Be6 26.Qe3 Ra6 27.Nf4 Bf7 28.Nfd3 Be8 29.
Nc5 Ra7 30.Qb3+ Kh8 31.Ne6 Bf7 32.Nxf8 1-0

[Event "Campeonato de Aragon por Equipos 2009"]
[Site "Aragon"]
[Date "2009.01.31"]
[Round "2.63"]
[White "Labrador Postigo Francisco"]
[Black "Minguez Guinda Andres"]
[Result "1/2-1/2"]
[WhiteElo "1953"]
[BlackElo "1942"]

1.d4 d5 2.Nf3 Nf6 3.g3 g6 4.c4 c6 5.Bg2 Bg7 6.O-O O-O 7.cxd5 cxd5 8.Nc3 Nbd7
9.Bf4 a6 10.Qc1 e6 11.a4 b6 12.Ne5 Bb7 13.Rd1 Rc8 14.Qd2 Qe7 15.Bg5 Qb4 16.
Nxd7 Nxd7 17.Nxd5 Qxd2 18.Ne7+ Kh8 19.Rxd2 Rc7 20.Bxb7 Rxb7 21.Rc1 h6 22.Be3
Nf6 23.Nc8 Nd5 24.Rc6 Rb8 25.Nd6 Kg8 26.a5 Rfd8 27.Nc4 b5 28.Nb6 Nb4 29.Rc7 g5
30.b3 Rd6 31.d5 Nxd5 32.Nxd5 exd5 33.Bd4 Bxd4 34.Rxd4 Rbd8 35.Ra7 Kg7 36.e3
Kg6 37.Kf1 f6 38.Rc7 h5 39.Ke2 Re8 40.Kd3 f5 41.Rc5 Red8 42.Rc7 g4 43.Rb7 Rc8
44.Rb6 Rxb6 45.axb6 Rb8 46.Rxd5 Rxb6 47.b4 Kf6 48.Kd4 Rc6 49.Rc5 1/2-1/2

[Event "Campeonato de Aragon por Equipos 2009"]
[Site "Aragon"]
[Date "2009.01.31"]
[Round "2.64"]
[White "Buil Montanes Carlos"]
[Black "Gimeno Garcia David"]
[Result "1/2-1/2"]
[WhiteElo "1898"]
[BlackElo "1500"]

1.d4 Nf6 2.Nf3 e6 3.Bg5 Be7 4.e3 d5 5.Bd3 h6 6.Bh4 c5 7.c3 Nc6 8.O-O c4 9.Be2
a6 10.Nbd2 Qc7 11.Qc2 b5 12.e4 Nxe4 13.Nxe4 Bxh4 14.Nxh4 dxe4 15.Qxe4 O-O 16.
Bd1 f5 17.Qe3 Rf6 18.Qg3 Qxg3 19.hxg3 g5 20.Bf3 Bb7 21.Bxc6 Bxc6 22.Nf3 Bxf3
23.gxf3 Rd8 24.Rfe1 Kf7 25.Re5 Rd5 26.a4 f4 27.axb5 Rxb5 28.Rxb5 axb5 29.g4 e5
30.Ra7+ Kg6 31.Rb7 exd4 32.cxd4 Rd6 33.Rxb5 Rxd4 34.Kf1 Rd6 35.Ke2 h5 36.gxh5+
Kxh5 37.Rb4 Rc6 38.Kd2 Rd6+ 39.Ke2 Re6+ 1/2-1/2

[Event "Campeonato de Aragon por Equipos 2009"]
[Site "Aragon"]
[Date "2009.02.07"]
[Round "3.1"]
[White "Fontana Sotomayour Luis Javier"]
[Black "Ruiz Diez Julio Cesar"]
[Result "1-0"]
[WhiteElo "2340"]
[BlackElo "2299"]

1.e4 c5 2.Nc3 e6 3.g3 Nc6 4.Bg2 g6 5.d3 Bg7 6.Be3 d6 7.Qd2 a6 8.f4 Nge7 9.Nf3
b6 10.d4 O-O 11.Ne2 Bb7 12.c3 Qc7 13.Rc1 Rad8 14.O-O Qb8 15.b3 Qa8 16.g4 c4
17.Ng3 cxb3 18.axb3 e5 19.c4 exf4 20.Bxf4 Rfe8 21.Bh6 Bh8 22.Rc3 b5 23.d5 Ne5
24.Nxe5 Bxe5 25.Rcf3 Rf8 26.Qf2 f6 27.g5 Rf7 28.gxf6 Nc8 29.Bh3 1-0